| 000 | 00666nam a2200217 a 4500 | ||
|---|---|---|---|
| 005 | 20220526063854.0 | ||
| 008 | 991125s1993 mx 000 0 spa u | ||
| 020 | _a9688803367 | ||
| 035 | _aUPN01000020887 | ||
| 049 | _aLT | ||
| 050 | 4 |
_aLB1633 M6.1 _bE8.7 |
|
| 245 | 0 | 0 |
_aEspañol 1 : _bimagen de la lengua / _cOlivia García Pelayo... [et al.] |
| 260 |
_aMéxico : _bPrentice-Hall Hispanoamericana, _c1993 |
||
| 300 |
_a247 p. : _bil. |
||
| 650 | 4 |
_aEspañol _xEstudio y enseñanza (Secundaria) _97237 |
|
| 700 | 2 |
_aGarcía Pelayo, Olivia, _ecoaut. |
|
| 902 | _aCAROLINA | ||
| 902 | _aDMCV DORA MARIA CORTES VILLEGAS | ||
| 904 |
_aAC _b020888 |
||
| 905 | _aLibro | ||
| 999 |
_c20887 _d20887 |
||